مقاصد العقيدة الاسلامية من الكتاب والسنة : (رقم التسجيلة. 139934)

تفاصيل مارك
000 -الفاتح
عناصر البيانات ثابتة الطول 00716cam a2200181 i 4500
005 - تاريخ ووقت آخر معاملة
حقل ضبط 20251202101147.0
008 - عناصر البيانات ثابتة الطول
عناصر البيانات ثابتة الطول 250721s2018 jo gr 000 0 ara d
020 ## - الترقيم الدولي المعياري للكتب (ردمك)
الترقيم الدولي المعياري للكتب (ردمك) 9789957649562
082 14 - رقم تصنيف ديوي العشري
رقم التصنيف 214
رقم المادة م ن ص
100 1# - مدخل رئيسي – اسم شخصي
الاسم الشخصي منصوري، سعاد
علاقة الشخص بالعمل/ دوره مؤلف.
245 10 - بيان العنوان
العنوان مقاصد العقيدة الاسلامية من الكتاب والسنة :
بقية العنوان مقدمات في التأسيس النظري والبيان العلمي.
بيان المسؤولية الدكتورة سعاد منصوري.
264 31 - بيانات النشر، التوزيع…إلخ
مكان النشر، التوزيع...إلخ عمان :
اسم الناشر، الموزع...إلخ دار الجنان للنشر والتوزيع،
تاريخ النشر، التوزيع...إلخ 2018.
300 ## - الوصف المادي
عدد الوحدات المكونة للوعاء 440صفحه.
650 17 - مدخل إضافي بالموضوع - مصطلح موضوعي
مصطلح موضوعي أو اسم جغرافي كعنصر مدخل الاسلام.
650 17 - مدخل إضافي بالموضوع - مصطلح موضوعي
مصطلح موضوعي أو اسم جغرافي كعنصر مدخل العقيدة الدينيه.
942 ## - بيانات إضافية (كوها)
نوع التنصيف Dewey Decimal Classification
نوع المادة (كوها) كتب
المقتنيات
حالة السحب حالة الفقدان مصدر التصنيف حالة التلف غير قابل للإعارة المكتبة الرئيسية المكتبة الحالية موقع الرف تاريخ التزويد الرقم المتسلسل Total Checkouts رقم الإستدعاء الباركود تاريخ آخر ظهور تاريخ الفاتورة نوع المادة (كوها)
    Dewey Decimal Classification     المكتبة المركزية المكتبة المركزية الإعارة 28/07/2025 1710941   214 / م ن ص PLD00451941 28/07/2025 28/07/2025 كتب
    Dewey Decimal Classification     مكتبة أبو علندا العامة مكتبة أبو علندا العامة الإعارة 19/08/2019 1710946   214/منص PLD00462846 28/07/2025 19/08/2019 كتب
    Dewey Decimal Classification     مكتبة الاميرة بديعة مكتبة الاميرة بديعة الإعارة 19/08/2019 1710950   214/منص PLD00462850 28/07/2025 19/08/2019 كتب
    Dewey Decimal Classification     مكتبة الجويدة مكتبة الجويدة الإعارة 19/08/2019 1710947   214/منص PLD00462847 28/07/2025 19/08/2019 كتب
    Dewey Decimal Classification     مكتبة الحسن العامة مكتبة الحسن العامة الإعارة 19/08/2019 1710945   214/منص PLD00462845 28/07/2025 19/08/2019 كتب
    Dewey Decimal Classification     مكتبة بيت السينما مكتبة بيت السينما الإعارة 19/08/2019 1710943   214/منص PLD00462843 28/07/2025 19/08/2019 كتب
    Dewey Decimal Classification     مكتبة صويلح العامة مكتبة صويلح العامة الإعارة 19/08/2019 1710944   214/منص PLD00462844 28/07/2025 19/08/2019 كتب
Implemented & Customized by: BBB with SCIT (Smart Chains for Information Technology)

Powered by Koha